[Event "GER-chT10 LJ-23 Br02 email"]
[Site "GER email"]
[Date "2013.10.04"]
[Round "?"]
[White "Link, Peter Michael"]
[Black "Pluemmer, Rolf"]
[Result "1-0"]
[WhiteElo "2104"]
[BlackElo "2096"]
[PlyCount "117"]
[EventDate "2013.10.15"]
[EventType "tourn (corr)"]
[EventRounds "8"]
[EventCountry "GER"]
[SourceTitle "Corr 2020"]
[Source "ChessBase"]
[SourceDate "2019.09.30"]
[SourceVersion "1"]
[SourceVersionDate "2019.09.30"]
[SourceQuality "1"]

1. d4 d5 2. c4 c6 3. Nf3 Nf6 4. e3 Bf5 5. Nc3 e6 6. Nh4 Bg6 7. Be2 Nbd7 8. 0-0 Bd6 9. g3 0-0 10. Nxg6 hxg6 11. Qb3 Rb8 12. Rd1 Qe7 13. Qc2 Rfe8 14. Bd2 a6 15. c5 Bc7 16. f4 Ba5 17. Nb1 Bc7 18. Bf3 g5 19. b4 Nh7 20. Nc3 gxf4 21. exf4 Qf6 22. Qd3 Qf5 23. Qe2 Qf6 24. Qd3 Qf5 25. Qe3 Nhf8 26. Be2 Ng6 27. a4 Nf6 28. b5 Ne7 29. b6 Bd8 30. Be1 Qh7 31. g4 Ne4 32. Ra3 f5 33. g5 Ng6 34. Nxe4 dxe4 35. Qf2 Kf7 36. h4 Kg8 37. h5 Ne7 38. Rh3 Nd5 39. Bc4 Be7 40. Bxd5 exd5 41. Kg2 Bf8 42. g6 Qh6 43. Bd2 Rbd8 44. Be3 Be7 45. Rdh1 Bf6 46. Rg3 Rf8 47. Kf1 Rde8 48. Ke2 Bd8 49. Qg2 Rf6 50. Qh3 Ref8 51. Rg5 Be7 52. Bf2 Kh8 53. Ke3 Rg8 54. Bh4 Rff8 55. Rh2 Bd8 56. Rxf5 Bxh4 57. Rxf8 Bf2+ 58. Rxf2 Rxf8 59. a5 1-0

[Event "GER-chT10 LJ-23 Br02 email"]
[Site "GER email"]
[Date "2013.10.04"]
[Round "?"]
[White "Solf, Frank"]
[Black "Link, Peter Michael"]
[Result "1/2-1/2"]
[WhiteElo "2137"]
[BlackElo "2104"]
[PlyCount "122"]
[EventDate "2013.10.15"]
[EventType "tourn (corr)"]
[EventRounds "8"]
[EventCountry "GER"]
[SourceTitle "Corr 2020"]
[Source "ChessBase"]
[SourceDate "2019.09.30"]
[SourceVersion "1"]
[SourceVersionDate "2019.09.30"]
[SourceQuality "1"]

1. e4 c5 2. Nf3 d6 3. d4 cxd4 4. Nxd4 Nf6 5. Nc3 a6 6. Bg5 e6 7. f4 Qb6 8. Qd2 Qxb2 9. Rb1 Qa3 10. e5 h6 11. Bh4 dxe5 12. fxe5 Nd5 13. Nxd5 exd5 14. e6 Bxe6 15. Nxe6 fxe6 16. Bd3 Be7 17. Bg6+ Kd8 18. Bxe7+ Qxe7 19. 0-0 Nd7 20. Rf7 Qc5+ 21. Kh1 Rc8 22. Qe1 Qc6 23. Qh4+ Kc7 24. Qf4+ Kd8 25. Qd4 Rg8 26. Qb4 Kc7 27. Qf4+ Kd8 28. Qh4+ Kc7 29. Qg3+ Kd8 30. Qf2 Rc7 31. Rb6 Nxb6 32. Rf8+ Ke7 33. Rxg8 Kd6 34. Rd8+ Nd7 35. Qf8+ Ke5 36. Qxg7+ Kd6 37. Be8 Qb5 38. h4 Qf1+ 39. Kh2 Qf4+ 40. Kh3 Qf5+ 41. Kg3 e5 42. Qxh6+ Qe6 43. Qg5 Qe7 44. Qg6+ Kc5 45. Rxd7 Rxd7 46. Bxd7 Qxd7 47. h5 e4 48. Qg5 Kb4 49. h6 d4 50. Qg7 Qd6+ 51. Kh3 e3 52. h7 e2 53. h8Q e1Q 54. Qxd4+ Qxd4 55. Qxd4+ Ka3 56. Qd5 Qh1+ 57. Kg3 Kb2 58. Qxb7+ Kxc2 59. Qb3+ Kc1 60. a4 Qh8 61. Qb4 Kd1 1/2-1/2

[Event "GER-chT9 LI-23 Br02 email"]
[Site "GER email"]
[Date "2011.10.17"]
[Round "?"]
[White "Hobert, Markus"]
[Black "Link, Peter Michael"]
[Result "1/2-1/2"]
[WhiteElo "2032"]
[BlackElo "2082"]
[PlyCount "72"]
[EventDate "2011.10.23"]
[EventType "tourn (corr)"]
[EventRounds "10"]
[EventCountry "GER"]
[SourceTitle "Corr 2015"]
[Source "ChessBase"]
[SourceDate "2015.07.17"]
[SourceVersion "1"]
[SourceVersionDate "2015.07.17"]
[SourceQuality "1"]

1. e4 e5 2. Nf3 Nc6 3. Bc4 Nf6 4. Ng5 d5 5. exd5 Na5 6. Bb5+ Bd7 7. Qe2 Be7 8. Nc3 0-0 9. 0-0 c6 10. dxc6 Nxc6 11. Bxc6 Bxc6 12. Nf3 e4 13. Ne5 Rc8 14. Rd1 Qc7 15. Nxc6 Qxc6 16. d3 Bb4 17. Nxe4 Nxe4 18. Qxe4 Qxe4 19. dxe4 Rxc2 20. Be3 Rxb2 21. Rd7 Bc3 22. Rc1 Bf6 23. a4 h6 24. g3 a5 25. Kg2 Re8 26. Rc4 b5 27. axb5 Rxb5 28. f4 Rb3 29. Bd2 Rb2 30. Kf3 Rd8 31. Rcd4 Rxd7 32. Rxd7 a4 33. e5 Be7 34. Rxe7 Rxd2 35. Ra7 g6 36. Rxa4 Rxh2 1/2-1/2

[Event "GER-chT9 LI-23 Br02 email"]
[Site "GER email"]
[Date "2011.10.17"]
[Round "?"]
[White "Link, Peter Michael"]
[Black "Koronowski, Heinz Juergen"]
[Result "1-0"]
[WhiteElo "2082"]
[BlackElo "2015"]
[PlyCount "79"]
[EventDate "2011.10.23"]
[EventType "tourn (corr)"]
[EventRounds "10"]
[EventCountry "GER"]
[SourceTitle "Corr 2015"]
[Source "ChessBase"]
[SourceDate "2015.07.17"]
[SourceVersion "1"]
[SourceVersionDate "2015.07.17"]
[SourceQuality "1"]

1. e4 e5 2. Nf3 Nc6 3. Bb5 a6 4. Ba4 Nf6 5. 0-0 b5 6. Bb3 Bb7 7. d3 Bd6 8. c3 0-0 9. Nbd2 h6 10. d4 Re8 11. Re1 Bf8 12. Nf1 d6 13. Ng3 Na5 14. Bc2 Nc4 15. b3 Nb6 16. h3 g6 17. Bd2 Bg7 18. Qc1 Kh7 19. Rb1 Rb8 20. h4 h5 21. dxe5 dxe5 22. c4 c5 23. Be3 Bf8 24. cxb5 axb5 25. Bd3 b4 26. Bb5 Nfd7 27. Rb2 Qc7 28. Rc2 Bc6 29. Be2 Qb7 30. Ng5+ Kg8 31. Qd1 f6 32. Nh3 Rbd8 33. Rd2 Rc8 34. f4 exf4 35. Nxf4 Ne5 36. Nxg6 Nxg6 37. Rf1 Qe7 38. Bxh5 Ne5 39. Bf4 Nbd7 40. Bxe8 1-0

[Event "GER-chT9 LI-23 Br02 email"]
[Site "GER email"]
[Date "2011.10.17"]
[Round "?"]
[White "Welle, Bernd"]
[Black "Link, Peter Michael"]
[Result "1/2-1/2"]
[WhiteElo "2180"]
[BlackElo "2082"]
[PlyCount "94"]
[EventDate "2011.10.23"]
[EventType "tourn (corr)"]
[EventRounds "10"]
[EventCountry "GER"]
[SourceTitle "Corr 2015"]
[Source "ChessBase"]
[SourceDate "2015.07.17"]
[SourceVersion "1"]
[SourceVersionDate "2015.07.17"]
[SourceQuality "1"]

1. e4 c5 2. Nf3 d6 3. d4 cxd4 4. Nxd4 Nf6 5. Nc3 a6 6. Be3 e5 7. Nb3 Be6 8. f3 Be7 9. Qd2 0-0 10. 0-0-0 Nbd7 11. g4 b5 12. g5 b4 13. Ne2 Ne8 14. f4 a5 15. f5 a4 16. Nbd4 exd4 17. Nxd4 b3 18. Kb1 bxc2+ 19. Nxc2 Bb3 20. axb3 axb3 21. Na3 Ne5 22. h4 Ra4 23. Bd4 Nf3 24. Qc3 Nxd4 25. Rxd4 Rxd4 26. Qxd4 d5 27. Qxd5 Qb6 28. Bc4 Bxa3 29. bxa3 Nd6 30. g6 hxg6 31. fxg6 Nxc4 32. gxf7+ Rxf7 33. Qxc4 Qf2 34. Qxb3 Kh7 35. Rd1 Rf6 36. Qc3 Rf3 37. Qc2 Qxc2+ 38. Kxc2 Rxa3 39. Rg1 Rh3 40. Rg4 g6 41. Kd2 Kg7 42. Rf4 g5 43. hxg5 Rg3 44. e5 Rxg5 45. Re4 Kf7 46. Kd3 Ke6 47. Kd4 Rg1 1/2-1/2

[Event "GER-chT9 LI-23 Br02 email"]
[Site "GER email"]
[Date "2011.10.17"]
[Round "?"]
[White "Zylla, Johannes"]
[Black "Link, Peter Michael"]
[Result "1/2-1/2"]
[WhiteElo "1962"]
[BlackElo "2082"]
[PlyCount "100"]
[EventDate "2011.10.23"]
[EventType "tourn (corr)"]
[EventRounds "10"]
[EventCountry "GER"]
[SourceTitle "Corr 2015"]
[Source "ChessBase"]
[SourceDate "2015.07.17"]
[SourceVersion "1"]
[SourceVersionDate "2015.07.17"]
[SourceQuality "1"]

1. d4 Nf6 2. c4 e6 3. Nc3 Bb4 4. Bg5 h6 5. Bh4 c5 6. d5 d6 7. e3 Bxc3+ 8. bxc3 e5 9. Qc2 Qe7 10. Nf3 Nbd7 11. Nd2 g5 12. Bg3 Kd8 13. h3 Kc7 14. Bd3 Nh5 15. Bh2 Ndf6 16. Rb1 Ng7 17. Qb2 h5 18. a4 h4 19. Nb3 b6 20. a5 Rb8 21. f3 Nfh5 22. axb6+ axb6 23. 0-0 f5 24. Ra1 Rb7 25. Ra8 Ng3 26. Bxg3 hxg3 27. Qa2 Rf8 28. Qa6 Rb8 29. Ra7+ Rb7 30. Rb1 Rxa7 31. Qxa7+ Kd8 32. Qxb6+ Qc7 33. Nd2 Qxb6 34. Rxb6 Kc7 35. Rc6+ Kd7 36. e4 f4 37. Nb1 Bb7 38. Rb6 Kc7 39. Rb3 Ra8 40. Ra3 Rxa3 41. Nxa3 Ne8 42. Bc2 Bc8 43. Ba4 Bd7 44. Bb5 Nf6 45. Kf1 Ng8 46. Ke2 Ne7 47. Nb1 Ng6 48. Nd2 Nh4 49. Bxd7 Kxd7 50. Kf1 Kc7 1/2-1/2

[Event "Hamburg St Pauli op-A"]
[Site "Hamburg"]
[Date "2010.07.16"]
[Round "7"]
[White "Assmus, Sven"]
[Black "Link, Peter Michael"]
[Result "1/2-1/2"]
[WhiteElo "1903"]
[BlackElo "2000"]
[PlyCount "110"]
[EventDate "2010.07.10"]
[EventType "swiss"]
[EventRounds "9"]
[EventCountry "GER"]
[SourceTitle "EXT 2013"]
[Source "ChessBase"]
[SourceDate "2012.11.22"]
[SourceVersion "1"]
[SourceVersionDate "2012.11.22"]
[SourceQuality "1"]

1. c4 e5 2. Nc3 Nf6 3. Nf3 Nc6 4. g3 d5 5. cxd5 Nxd5 6. Bg2 Nb6 7. 0-0 Be7 8. d3 0-0 9. a3 a5 10. Be3 Bg4 11. Rc1 f5 12. Nb5 Kh8 13. Bc5 e4 14. dxe4 fxe4 15. Qxd8 Raxd8 16. Bxe7 Nxe7 17. Nfd4 c6 18. Bxe4 cxb5 19. e3 Ned5 20. Rc5 b4 21. Rxa5 bxa3 22. bxa3 Rfe8 23. Bg2 g6 24. Rb1 Rd6 25. Bxd5 Rxd5 26. Ra7 Rd6 27. Rxb7 Nc4 28. Rc1 Ne5 29. Rcc7 Rd7 30. Rxd7 Nxd7 31. f3 Bh3 32. g4 Nc5 33. Rb5 Nd3 34. e4 Rc8 35. Rb1 Rc4 36. Ne6 h6 37. Rd1 Ne5 38. Nf4 Nxf3+ 39. Kf2 Bxg4 40. h3 Ne5 41. hxg4 Nxg4+ 42. Kf3 Ne5+ 43. Ke3 Ra4 44. Ra1 g5 45. Ne6 Nc4+ 46. Kf2 Rxa3 47. Rxa3 Nxa3 48. Kg3 Kh7 49. Kg4 Kg6 50. Nf8+ Kf7 51. Nh7 Kg6 52. Nf8+ Kf6 53. Nh7+ Ke5 54. Nxg5 hxg5 55. Kxg5 Kxe4 1/2-1/2

[Event "Dresden ZMD op"]
[Site "Dresden"]
[Date "2004.07.18"]
[Round "4"]
[White "Link, Peter Michael"]
[Black "Pattard, Thomas"]
[Result "0-1"]
[WhiteElo "2011"]
[BlackElo "2175"]
[PlyCount "106"]
[EventDate "2004.07.15"]
[EventType "tourn"]
[EventRounds "9"]
[EventCountry "GER"]
[SourceTitle "EXT 2006"]
[Source "ChessBase"]
[SourceDate "2005.11.24"]
[SourceVersion "1"]
[SourceVersionDate "2005.11.24"]
[SourceQuality "1"]

1. d4 d5 2. Nc3 Nf6 3. Bg5 e6 4. e4 dxe4 5. f3 exf3 6. Nxf3 Be7 7. Bd3 Nbd7 8. Qd2 c5 9. 0-0-0 a6 10. Rhf1 b5 11. Be4 Rb8 12. dxc5 b4 13. Bxf6 Bxf6 14. Na4 Qa5 15. Bc6 Qc7 16. Qd6 Qxd6 17. Rxd6 Ke7 18. Rfd1 Ne5 19. Nb6 Nxf3 20. Bxf3 Be5 21. Nxc8+ Rhxc8 22. Rd7+ Ke8 23. c6 Bxh2 24. R1d4 Be5 25. Rh4 h6 26. Rb7 a5 27. a3 bxa3 28. bxa3 Ra8 29. Rh5 Bd6 30. a4 Rc7 31. Rhb5 Ke7 32. Kd2 f5 33. Rb3 g5 34. Rd3 Rac8 35. g4 Bf4+ 36. Kd1 Rd8 37. Rxd8 Kxd8 38. Rb5 fxg4 39. Bxg4 Rxc6 40. Rxa5 Rd6+ 41. Ke2 h5 42. Bxh5 Rd2+ 43. Kf3 Rxc2 44. Bf7 Rc3+ 45. Kg2 e5 46. Bg6 Kc7 47. Ra6 g4 48. Be8 Rc2+ 49. Kf1 g3 50. Rg6 Rf2+ 51. Ke1 Bd2+ 52. Kd1 g2 53. Bb5 Bb4 0-1

[Event "USA-ch15 fin corr"]
[Site "USA"]
[Date "2003.10.20"]
[Round "?"]
[White "Rodriguez, Keith A"]
[Black "Link, Peter Michael"]
[Result "1/2-1/2"]
[WhiteElo "2440"]
[BlackElo "2275"]
[PlyCount "54"]
[EventDate "2003.06.10"]
[EventType "tourn (corr)"]
[EventRounds "14"]
[EventCountry "USA"]
[SourceTitle "Corr 2006"]
[Source "ChessBase"]
[SourceDate "2006.04.01"]
[SourceVersion "3"]
[SourceVersionDate "2006.04.01"]
[SourceQuality "1"]

1. d4 d5 2. c4 e6 3. Nc3 c5 4. cxd5 exd5 5. Nf3 Nc6 6. g3 Nf6 7. Bg2 Be7 8. 0-0 0-0 9. Bg5 cxd4 10. Nxd4 h6 11. Be3 Re8 12. Qa4 Bd7 13. Rfd1 Na5 14. Qc2 Nc4 15. Nxd5 Nxd5 16. Bxd5 Nxe3 17. fxe3 Bg5 18. e4 Qb6 19. Qb3 Qxb3 20. axb3 Bc8 21. Kf2 Re7 22. Nf5 Bxf5 23. exf5 Be3+ 24. Kf3 Rc8 25. Ra4 b5 26. Re4 Rxe4 27. Bxe4 Bb6 1/2-1/2

[Event "USCF 2001 Absolute-ch corr"]
[Site "USA"]
[Date "2002.??.??"]
[Round "?"]
[White "Link, Peter Michael"]
[Black "Schakel, Corky"]
[Result "0-1"]
[WhiteElo "2311"]
[BlackElo "2454"]
[PlyCount "64"]
[EventDate "2002.??.??"]
[EventType "tourn (corr)"]
[EventRounds "12"]
[EventCountry "USA"]
[SourceTitle "Corr 2006"]
[Source "ChessBase"]
[SourceDate "2006.04.01"]
[SourceVersion "3"]
[SourceVersionDate "2006.04.01"]
[SourceQuality "1"]

1. d4 f5 2. h3 Nf6 3. g4 d5 4. g5 Ne4 5. Nf3 e6 6. Bf4 c5 7. e3 Qb6 8. Qc1 Bd7 9. c3 Bd6 10. Bxd6 Qxd6 11. Nbd2 0-0 12. Nxe4 fxe4 13. Ne5 Nc6 14. Nxd7 Qxd7 15. Qd2 cxd4 16. exd4 e5 17. dxe5 Nxe5 18. 0-0-0 Rad8 19. Qe3 Qa4 20. a3 Rf3 21. Qc5 b6 22. Qb5 Qxb5 23. Bxb5 Rxf2 24. Rhf1 Rxf1 25. Rxf1 Nf3 26. Bc6 Rd6 27. Bb7 g6 28. h4 Nxh4 29. Rd1 Nf3 30. Bxd5+ Kg7 31. Bxe4 Rxd1+ 32. Kxd1 Nxg5 0-1

[Event "USA-ch15 prel 05 corr"]
[Site "USA"]
[Date "2000.06.20"]
[Round "?"]
[White "Lage, Alexander"]
[Black "Link, Peter Michael"]
[Result "1/2-1/2"]
[WhiteElo "2283"]
[BlackElo "2066"]
[PlyCount "57"]
[EventDate "2000.06.20"]
[EventType "tourn (corr)"]
[EventRounds "12"]
[EventCountry "USA"]
[SourceTitle "Corr 2006"]
[Source "ChessBase"]
[SourceDate "2006.04.01"]
[SourceVersion "3"]
[SourceVersionDate "2006.04.01"]
[SourceQuality "1"]

1. e4 e5 2. Nf3 Nf6 3. Nxe5 d6 4. Nf3 Nxe4 5. d4 d5 6. Bd3 Be7 7. 0-0 Nc6 8. Re1 Bg4 9. c3 f5 10. Nbd2 0-0 11. Qb3 Na5 12. Qa4 Nc6 13. Bb5 Nxd2 14. Nxd2 Qd6 15. Be2 Rae8 16. Nf3 Bh4 17. Nxh4 Bxe2 18. Be3 Bh5 19. g3 h6 20. Ng2 Bf3 21. Nh4 Bh5 22. Ng2 a6 23. Qc2 g5 24. f4 g4 25. Bf2 Re4 26. Ne3 Kg7 27. Kg2 Ne7 28. Nf1 Ng8 29. Nd2 1/2-1/2

[Event "USA-ch15 prel 05 corr"]
[Site "USA"]
[Date "2000.06.20"]
[Round "?"]
[White "Link, Peter Michael"]
[Black "Kobernat, Alan"]
[Result "1/2-1/2"]
[WhiteElo "2066"]
[BlackElo "2308"]
[PlyCount "68"]
[EventDate "2000.06.20"]
[EventType "tourn (corr)"]
[EventRounds "12"]
[EventCountry "USA"]
[SourceTitle "Corr 2006"]
[Source "ChessBase"]
[SourceDate "2006.04.01"]
[SourceVersion "3"]
[SourceVersionDate "2006.04.01"]
[SourceQuality "1"]

1. e4 e5 2. Nf3 Nc6 3. d4 exd4 4. c3 dxc3 5. Nxc3 Bb4 6. Bc4 Bxc3+ 7. bxc3 d6 8. 0-0 Nf6 9. e5 Nxe5 10. Nxe5 dxe5 11. Qb3 Qe7 12. Ba3 c5 13. Bb5+ Kf8 14. f4 Be6 15. c4 exf4 16. Rxf4 h5 17. Qe3 Rc8 18. Raf1 a6 19. Ba4 b5 20. Bb3 bxc4 21. Bxc4 Bxc4 22. Qxe7+ Kxe7 23. Rxc4 Ke6 24. Bxc5 Rhd8 25. Re1+ Kf5 26. Rf1+ Kg6 27. Rfc1 Rd2 28. a3 Re8 29. Bb4 Rb2 30. R4c2 Rxc2 31. Rxc2 Ne4 32. Kf1 Re5 33. Rc7 Nf6 34. Ra7 Re6 1/2-1/2